| 000 | 00546nam a2200181Ia 4500 | ||
|---|---|---|---|
| 999 |
_c33421 _d33421 |
||
| 003 | OSt | ||
| 005 | 20200916142150.0 | ||
| 008 | 190216s9999||||xx |||||||||||||| ||und|| | ||
| 020 | _a9788173191459 | ||
| 040 | _coclc | ||
| 082 |
_a621.3827 _bFRA/O |
||
| 100 |
_aFranz, J H _94629 |
||
| 245 | 0 |
_aOptical Communications Components And Systems / _cJ H Franz ; V K Jain |
|
| 260 |
_bNarosa Pubs House, _c2000. _aNew Delhi: |
||
| 300 | _a717p | ||
| 650 | _aCommunications | ||
| 942 |
_cBK _2ddc _h621.3827 _iFRA/O _k621.3827 _mFRA/O |
||